Countries by First Three Letters in 3 Minutes - Statistics

General Stats
  • This quiz has been taken 17,402 times
  • The average score is 100 of 204
Answer Stats
country % Correct
United States
89%
Australia
86%
Austria
86%
United Arab Emirates
86%
North Korea
85%
Chile
84%
China
84%
Norway
84%
United Kingdom
84%
Belarus
80%
Belgium
80%
Belize
80%
France
77%
South Korea
77%
South Africa
76%
South Sudan
76%
Malawi
74%
Malaysia
74%
Maldives
74%
Mali
74%
Malta
74%
Germany
73%
India
73%
Indonesia
73%
Russia
73%
Brazil
72%
Greece
72%
Greenland
72%
Grenada
72%
Canada
71%
Monaco
70%
Mongolia
70%
Montenegro
70%
Sweden
70%
North Macedonia
69%
Finland
68%
Argentina
66%
Ireland
66%
Japan
66%
Spain
66%
Albania
64%
Denmark
63%
Iceland
63%
Italy
63%
Portugal
63%
Turkey
63%
Turkmenistan
63%
Andorra
62%
Papua New Guinea
62%
Mexico
61%
Bahamas
59%
Bahrain
59%
Algeria
58%
Iran
58%
Iraq
58%
New Zealand
57%
Estonia
56%
Latvia
56%
Poland
56%
Colombia
55%
Kazakhstan
55%
Egypt
54%
Lithuania
54%
Slovakia
54%
Slovenia
54%
Switzerland
54%
Afghanistan
53%
Cambodia
53%
Cameroon
53%
Hungary
53%
Netherlands
53%
Croatia
52%
Luxembourg
52%
Venezuela
52%
Bolivia
51%
Bulgaria
51%
Peru
51%
Saint Kitts and Nevis
51%
Saint Lucia
51%
Saint Vincent and the Grenadines
51%
Ukraine
51%
Dominica
50%
Dominican Republic
50%
Paraguay
50%
Burkina Faso
49%
Burma
49%
Burundi
49%
Cuba
49%
Honduras
49%
Jamaica
49%
Uruguay
49%
Armenia
48%
Bosnia and Herzegovina
48%
Democratic Republic of the Congo
48%
Haiti
48%
Israel
48%
Oman
48%
Romania
48%
Azerbaijan
47%
Czechia
47%
Ecuador
47%
Liberia
47%
Libya
47%
Serbia
47%
Fiji
46%
Guatemala
46%
Niger
46%
Nigeria
46%
San Marino
46%
Vatican City
46%
Vietnam
46%
Yemen
46%
Angola
45%
Guyana
45%
Liechtenstein
45%
Panama
45%
Saudi Arabia
45%
Congo
44%
Guinea
44%
Guinea-Bissau
44%
Pakistan
44%
Thailand
44%
Barbados
43%
Chad
43%
Kyrgyzstan
43%
Antigua and Barbuda
42%
Jordan
42%
Kenya
42%
Kosovo
42%
Morocco
42%
Palau
42%
Palestine
42%
Costa Rica
41%
Laos
41%
Uzbekistan
41%
Zambia
41%
Cyprus
40%
Ethiopia
40%
Ghana
40%
Mauritania
40%
Mauritius
40%
Zimbabwe
40%
Bhutan
39%
Brunei
39%
El Salvador
39%
Moldova
39%
Nicaragua
39%
Qatar
39%
Suriname
39%
Tajikistan
39%
Kiribati
38%
Philippines
38%
Bangladesh
37%
Eritrea
37%
Kuwait
37%
Vanuatu
37%
Benin
36%
Georgia
36%
Nauru
36%
Tonga
36%
Djibouti
35%
Lebanon
35%
Marshall Islands
35%
Nepal
35%
Sudan
35%
Syria
35%
Trinidad and Tobago
35%
Tuvalu
35%
Botswana
34%
Samoa
34%
Tunisia
34%
Madagascar
33%
Micronesia
33%
Singapore
33%
Sint Maarten
33%
Timor-Leste
33%
Central African Republic
32%
Gambia
32%
Lesotho
32%
Swaziland
32%
Taiwan
32%
Tanzania
32%
Comoros
31%
Gabon
31%
Namibia
31%
Rwanda
31%
Somalia
31%
Mozambique
30%
Solomon Islands
30%
Sri Lanka
30%
Togo
30%
Uganda
30%
Senegal
28%
Equatorial Guinea
27%
Cabo Verde
26%
São Tomé and Príncipe
24%
Seychelles
24%
Côte d'Ivoire
23%
Sierra Leone
21%
Aruba
13%
Faroe Islands
13%
Cook Islands
12%
Curaçao
11%
Niue
10%
No matching quizzes found
Score Distribution
Percent of People with Each Score
Percentile by Number Answered
Your Score History
You have not taken this quiz